000 00739nam a2200217 i 4500
001 115362
003 ES-MaACL
005 20250825062549.0
007 t|
008 070307s1929 sp ||||1| spa d
080 _a821.133.1-23"19"
100 1 _aBataille, Henry.
_926392
245 1 0 _aTernura
_b: comedia dramática en tres actos /
_cHenri Bataille ; traducción de Federico Oliván y Francisco Marroquín.
260 _aMadrid :
_bPrensa Moderna,
_c1929.
300 _a85 p. ;
_c17 cm.
490 1 _aEl Teatro moderno ;
_v196
500 _aSe estrenó en el Teatro Lara, de Madrid, el 26 de abril de 1929.
830 0 3 _aEl teatro moderno (Prensa Moderna)
_v196
_9182365
852 _aES-MaACL
_jC-13076
999 _c115362
_d115362